LDR 00888naa#a2200181#i#450# 001 EN\\bibl\20193 005 20260701152635.3 100 ## _a20260630b2026####ek#y0engy0150####ca 102 ## _aRU 200 1# _aARTIFICIAL INTELLIGENCE AND ITS IMPACT ON THE ENVIRONMENT: OPPORTUNITIES, RISKS AND PROSPECTS FOR SUSTAINABLE DEVELOPMENT _eConference article/thesis 210 1# _aVoronezh _cFSBE Institution of Higher Education Voronezh State University of Forestry and Technologies named after G.F. Morozov _d2026 215 ## _a6 с. 608 ## _aConference article/thesis _2local 675 ## _aИскусственный интеллект. 004.8 _aПрирода и общество. Охрана природы (защита окружающей природной среды) в целом. 502.3 _z 700 #1 _aKochegarov _gA. V. 700 #1 _aZvyagina _gL. N. 700 #1 _aSemyonov _gP. O. 856 4# _abibl.vgltu.ru _u